000 01154cam a2200373 i 4500
999 _c200430816
_d48987
001 200430816
003 TR-AnTOB
005 20240130103131.0
007 ta
008 171201s2016 tu b 000 0 tur
010 _a 2017346703
020 _a9786053000075
040 _aDLC
_beng
_cDLC
_erda
_dTR-AnTOB
041 0 _atur
042 _apcc
_alcode
043 _aa-tu---
050 1 _aKKX3790
090 _aKKX3790
_b.3676 2016
100 1 _aCanpolat, Can
_eauthor
_9122006
245 1 0 _aKusur ilkesi ışığında mazeret nedeni olarak zorlayıcı cebir /
_cDr. Can Canpolat.
246 3 0 _aZorlayıcı cebir
250 _aBirinci baskı
_bEkim, 2016
264 1 _aAnkara :
_bAdalet Yayınevi,
_c2016.
300 _axx, 332 pages ;
_c24 cm.
336 _atext
_btxt
_2rdacontent
337 _aunmediated
_bn
_2rdamedia
338 _avolume
_bnc
_2rdacarrier
490 0 _aHukuk yayınları dizisi ;
_v2032
500 _aOriginally presented as author's thesis (doctoral)--Kocaeli Üniversitesi.
520 _aCriminal liability; Turkey.
650 7 _aCeza hukuku
_2etuturkob
_958325
942 _2lcc
_cBK